500 Most Common Male Names in Brazil (2010) - Statistics

General Stats
  • This quiz has been taken 52 times
  • The average score is 136 of 500
Answer Stats
Hint Answer % Correct
12 Gabriel
81%
466 Jhon
78%
456 John
78%
285 Robert
78%
457 Tomas
78%
23 Andre
75%
5 Carlos
75%
14 Daniel
75%
59 Davi
75%
83 David
75%
255 Juan
75%
37 Roberto
75%
134 Ruan
75%
50 Alex
72%
3 Antonio
72%
319 Jesus
72%
1 Jose
72%
8 Lucas
72%
11 Luis
72%
9 Luiz
72%
6 Paulo
72%
32 Ricardo
72%
53 Samuel
72%
17 Eduardo
69%
74 Marco
69%
7 Pedro
69%
63 Victor
69%
40 Vitor
69%
370 Wiliam
69%
147 Wilian
69%
209 William
69%
100 Willian
69%
39 Diego
66%
187 Eric
66%
192 Erick
66%
272 Erik
66%
377 Isaac
66%
295 Isac
66%
308 Isaque
66%
2 Joao
66%
26 Leonardo
66%
286 Marcus
66%
374 Ronald
66%
383 Eli
63%
135 Alberto
59%
169 Cristian
59%
77 Cristiano
59%
18 Felipe
59%
21 Manoel
59%
60 Manuel
59%
55 Mario
59%
13 Rafael
59%
330 Raphael
59%
54 Ronaldo
59%
115 Arthur
56%
107 Artur
56%
78 Elias
56%
24 Fernando
56%
4 Francisco
56%
34 Jorge
56%
48 Julio
56%
64 Miguel
56%
218 Natan
56%
96 Alessandro
53%
133 Nicolas
53%
106 Pablo
53%
41 Sergio
53%
361 Adrian
50%
444 Alexander
50%
368 Emanoel
50%
156 Emanuel
50%
27 Gustavo
50%
22 Mateus
50%
43 Matheus
50%
291 Oscar
50%
44 Thiago
50%
30 Tiago
50%
75 Alan
47%
217 Alfredo
47%
346 Allan
47%
168 Angelo
47%
16 Bruno
47%
279 Jhonatan
47%
186 Jonatan
47%
216 Jonathan
47%
20 Rodrigo
47%
42 Claudio
44%
290 Elio
44%
25 Fabio
44%
298 George
44%
200 Geovane
44%
303 Geovani
44%
73 Gilberto
44%
384 Giovane
44%
343 Giovani
44%
103 Helio
44%
71 Joaquim
44%
482 Joaquin
44%
101 Joel
44%
311 Kevin
44%
10 Marcos
44%
66 Mauricio
44%
219 Raul
44%
240 Richard
44%
273 Roger
44%
46 Adriano
41%
220 Bernardo
41%
183 Charles
41%
247 Enzo
41%
467 Felix
41%
208 Filipe
41%
143 Hugo
41%
88 Jonas
41%
29 Leandro
41%
47 Luciano
41%
442 Marcel
41%
315 Max
41%
198 Michael
41%
76 Nelson
41%
109 Valter
41%
196 Walter
41%
379 Abel
38%
36 Alexandre
38%
125 Cesar
38%
433 Cezar
38%
175 Denis
38%
93 Diogo
38%
296 Frederico
38%
45 Geraldo
38%
111 Ivan
38%
128 Juliano
38%
15 Marcelo
38%
281 Maria
38%
119 Sandro
38%
145 Vinicios
38%
51 Vinicius
38%
69 Caio
34%
67 Danilo
34%
81 Emerson
34%
429 Emilio
34%
56 Flavio
34%
223 Gean
34%
28 Guilherme
34%
158 Jaime
34%
95 Jair
34%
455 James
34%
90 Jean
34%
306 Kaio
34%
274 Lauro
34%
445 Mariano
34%
144 Otavio
34%
176 Rian
34%
316 Ryan
34%
31 Anderson
31%
262 Ari
31%
72 Benedito
31%
154 Caua
31%
254 Cauan
31%
249 Edgar
31%
310 Edison
31%
38 Edson
31%
86 Fabricio
31%
443 Geferson
31%
68 Henrique
31%
415 Higor
31%
58 Igor
31%
61 Jeferson
31%
228 Jefferson
31%
215 Kaua
31%
194 Kauan
31%
307 Levi
31%
82 Luan
31%
87 Mauro
31%
167 Michel
31%
116 Milton
31%
120 Moises
31%
127 Murilo
31%
417 Pietro
31%
49 Renato
31%
287 Rui
31%
252 Saulo
31%
35 Sebastiao
31%
190 Weslei
31%
92 Wesley
31%
123 Adao
28%
243 Afonso
28%
148 Alisson
28%
231 Armando
28%
138 Augusto
28%
57 Douglas
28%
97 Everton
28%
91 Fabiano
28%
89 Gilmar
28%
297 Heitor
28%
251 Humberto
28%
301 Ian
28%
402 Jhonata
28%
259 Jonata
28%
33 Marcio
28%
468 Noel
28%
142 Orlando
28%
98 Osvaldo
28%
410 Oswaldo
28%
242 Patrick
28%
434 Rai
28%
19 Raimundo
28%
206 Ramon
28%
70 Reginaldo
28%
84 Renan
28%
222 Rodolfo
28%
52 Rogerio
28%
85 Severino
28%
108 Vagner
28%
114 Vicente
28%
118 Wagner
28%
79 Wilson
28%
385 Yan
28%
94 Adilson
25%
236 Airton
25%
203 Almir
25%
469 Anselmo
25%
239 Caique
25%
233 Cassio
25%
110 Celso
25%
62 Cicero
25%
139 Cleber
25%
112 Cleiton
25%
344 Dario
25%
181 Eder
25%
121 Edilson
25%
250 Edimilson
25%
151 Edmilson
25%
395 Elvis
25%
419 Ernesto
25%
124 Evandro
25%
153 Gerson
25%
99 Gilson
25%
163 Ismael
25%
150 Israel
25%
146 Italo
25%
204 Ivo
25%
165 Jairo
25%
498 Jerson
25%
432 Jesse
25%
152 Josue
25%
131 Junior
25%
493 Kaike
25%
261 Kaique
25%
304 Kleber
25%
141 Nilson
25%
313 Silas
25%
102 Silvio
25%
318 Tales
25%
329 Tarcisio
25%
157 Valdemar
25%
80 Valdir
25%
491 Waldir
25%
238 Welington
25%
335 Welinton
25%
170 Wellington
25%
193 Agnaldo
22%
386 Aguinaldo
22%
271 Ailton
22%
130 Amilton
22%
160 Arnaldo
22%
460 Aurelio
22%
132 Breno
22%
162 Damiao
22%
462 Dionisio
22%
117 Domingos
22%
452 Hamilton
22%
292 Inacio
22%
166 Isaias
22%
357 Iuri
22%
488 Izaias
22%
213 Jackson
22%
347 Jacson
22%
458 Jakson
22%
210 Jonatas
22%
225 Lucio
22%
388 Maciel
22%
104 Maicon
22%
184 Marlon
22%
333 Maycon
22%
195 Odair
22%
463 Olavo
22%
140 Osmar
22%
446 Regis
22%
105 Reinaldo
22%
427 Rene
22%
405 Rivaldo
22%
65 Robson
22%
232 Romulo
22%
136 Rubens
22%
399 Tadeu
22%
397 Tulio
22%
172 Valdemir
22%
126 Valmir
22%
113 Vanderlei
22%
227 Vilmar
22%
182 Yuri
22%
475 Alceu
19%
305 Aldo
19%
185 Alison
19%
199 Alvaro
19%
149 Aparecido
19%
412 Aroldo
19%
177 Celio
19%
244 Clovis
19%
270 Cosme
19%
179 Denilson
19%
159 Edivaldo
19%
129 Edvaldo
19%
188 Elton
19%
202 Ezequiel
19%
180 Iago
19%
211 Ivanildo
19%
221 Josias
19%
325 Messias
19%
161 Moacir
19%
137 Nilton
19%
212 Romario
19%
430 Sidinei
19%
155 Sidnei
19%
257 Sidney
19%
360 Yago
19%
122 Ademir
16%
499 Adolfo
16%
197 Arlindo
16%
256 Edinaldo
16%
234 Ednaldo
16%
323 Elson
16%
338 Eraldo
16%
350 Fagner
16%
362 Gelson
16%
480 Gildo
16%
214 Gilvan
16%
174 Jailson
16%
266 Juarez
16%
248 Jurandir
16%
369 Kelvin
16%
416 Marcilio
16%
414 Maurilio
16%
191 Natanael
16%
472 Romeu
16%
334 Vanderson
16%
173 Wanderson
16%
317 Washington
16%
363 Agenor
13%
277 Andrei
13%
373 Ariel
13%
447 Bento
13%
237 Claudemir
13%
178 Claudinei
13%
436 Edmundo
13%
326 Eliseu
13%
332 Elizeu
13%
392 Enio
13%
336 Icaro
13%
294 Jailton
13%
280 Lorival
13%
342 Lourival
13%
420 Marciano
13%
407 Marivaldo
13%
345 Micael
13%
453 Mikael
13%
164 Nivaldo
13%
300 Romildo
13%
339 Silvano
13%
263 Vilson
13%
288 Wendel
13%
435 Abraao
9%
245 Adalberto
9%
229 Alcides
9%
393 Aloisio
9%
492 Aluisio
9%
424 Antenor
9%
381 Caue
9%
484 Dilson
9%
327 Ederson
9%
324 Edimar
9%
246 Edmar
9%
371 Eliel
9%
284 Erivaldo
9%
264 Itamar
9%
356 Kaue
9%
241 Laercio
9%
224 Lazaro
9%
470 Leonel
9%
486 Rosivaldo
9%
459 Ulisses
9%
404 Wilton
9%
398 Adelino
6%
171 Alexandro
6%
253 Alexsandro
6%
322 Amaro
6%
299 Amauri
6%
483 Ananias
6%
422 Cassiano
6%
400 Claudionor
6%
464 Eliezer
6%
497 Erivan
6%
487 Espedito
6%
382 Euclides
6%
390 Expedito
6%
431 Givanildo
6%
409 Guilerme
6%
331 Irineu
6%
425 Janio
6%
289 Joelson
6%
355 Josemar
6%
302 Josiel
6%
226 Josimar
6%
403 Jucelino
6%
352 Juvenal
6%
411 Marciel
6%
496 Misael
6%
474 Peterson
6%
321 Salvador
6%
401 Savio
6%
365 Walace
6%
340 Wallace
6%
450 Welton
6%
387 Weverton
6%
260 Adailton
3%
358 Adair
3%
418 Adalto
3%
348 Adelson
3%
426 Ademilson
3%
312 Adenilson
3%
372 Adriel
3%
441 Aldair
3%
314 Altair
3%
309 Amarildo
3%
477 Anisio
3%
465 Carlito
3%
454 Cleberson
3%
471 Cleverson
3%
391 Clodoaldo
3%
490 Cosmo
3%
269 Darci
3%
389 Darlan
3%
283 Deivid
3%
478 Dimas
3%
476 Dione
3%
268 Dirceu
3%
265 Divino
3%
341 Djalma
3%
293 Donizete
3%
351 Dorival
3%
396 Edivan
3%
353 Edvan
3%
428 Elcio
3%
413 Elder
3%
481 Erasmo
3%
451 Erinaldo
3%
364 Eugenio
3%
258 Evaldo
3%
201 Everaldo
3%
359 Everson
3%
438 Francinaldo
3%
485 Genesio
3%
328 Genilson
3%
354 Genival
3%
267 Genivaldo
3%
376 Getulio
3%
423 Gleison
3%
495 Heleno
3%
408 Hudson
3%
367 Jadson
3%
439 Janderson
3%
366 Jardel
3%
437 Joilson
3%
440 Joselito
3%
320 Josenildo
3%
473 Josinaldo
3%
378 Josivaldo
3%
394 Juraci
3%
278 Lindomar
3%
282 Magno
3%
380 Marcelino
3%
479 Nilo
3%
489 Oseias
3%
421 Otacilio
3%
375 Roni
3%
461 Ronildo
3%
275 Roque
3%
207 Valdeci
3%
189 Valdecir
3%
349 Valdeir
3%
449 Valdenir
3%
276 Valdinei
3%
337 Valdivino
3%
230 Valdomiro
3%
494 Walison
3%
235 Weliton
3%
500 Welliton
3%
205 Ademar
0%
406 Givaldo
0%
448 Natalino
0%
No matching quizzes found
Score Distribution
Percent of People with Each Score
Percentile by Number Answered
Your Score History
You have not taken this quiz